Ostatní daně po novele Úplné znění zákona o dani silniční, zákona o dani z nemovitostí a zákona o dani dědické, darovací a dani z převodu nemovitostí s vysvětlivkami
K novelám zákonov o cestnej dani, dani z nehnuteľností, dani dedičskej, darovacej a z prevodu nehnuteľností. Jednotlivé zákony. Otázky a odpovede k novelám zákonov.
Saved in:
| Main Author: | |
|---|---|
| Other Authors: | , |
| Format: | Book Chapter |
| Language: | Czech |
| Subjects: | |
| Tags: |
No Tags, Be the first to tag this record!
|
MARC
| LEADER | 00000naa a2200000 4500 | ||
|---|---|---|---|
| 001 | r014808 | ||
| 005 | 20221213082006.1 | ||
| 041 | 0 | |a cze | |
| 044 | |a CZ | ||
| 245 | 1 | 0 | |a Ostatní daně po novele |b Úplné znění zákona o dani silniční, zákona o dani z nemovitostí a zákona o dani dědické, darovací a dani z převodu nemovitostí s vysvětlivkami |c J. Klak, A. Rohlíčková, J. Dunovský |
| 520 | |a K novelám zákonov o cestnej dani, dani z nehnuteľností, dani dedičskej, darovacej a z prevodu nehnuteľností. Jednotlivé zákony. Otázky a odpovede k novelám zákonov. | ||
| 610 | 2 | 0 | |a dane cestné |
| 610 | 2 | 0 | |a dane z nehnuteľností |
| 610 | 2 | 0 | |a dane z dedičstva |
| 610 | 2 | 0 | |a zákony |
| 610 | 2 | 0 | |a 1992 |
| 610 | 2 | 0 | |a 1993 |
| 100 | 1 | |a Klak, J. | |
| 700 | 1 | |a Rohlíčková, A. | |
| 700 | 1 | |a Dunovský, J. | |